| 000 | 00639cab a2200229 4500 | ||
|---|---|---|---|
| 001 | WB3507-55 | ||
| 008 | 090401t1999 xxu||||| |||| 00| 0 eng d | ||
| 035 | _a(Sirsi) u91451 | ||
| 041 | _aeng | ||
| 245 | _aFarmers diversify | ||
| 260 | _c1999 | ||
| 350 | _a0 | ||
| 490 |
_aFinancial Times _v19 February 1999, 13(1) |
||
| 520 | _aThe collapse in food prices is forcing many farmers to diversify into niche markets to stay in business. Table. | ||
| 650 | _aFARM DIVERSIFICATION | ||
| 650 | _aFARM INCOMES | ||
| 650 | _aFOOD PRICES | ||
| 650 | _aNICHE MARKETS | ||
| 690 | _aRURAL PRACTICE | ||
| 942 | _n0 | ||
| 948 | _c19/02/1999 | ||
| 999 |
_c58057 _d58057 |
||